000 00470nam a2200181 a 4500
001 1768117515973
003 YourLibrary
005 20260112125815.0
008 260111s2007##################000#0#eng##
020 _a9780205459612
082 0 4 _a302
_bHEW
100 1 _aHewitt, John P.,
_eauthor.
245 1 0 _aSelf and Society :
260 _bAllyn & Bacon,
_c2007.
650 0 _aInterpersonal relations.
942 _cENGLISH
040 _aYourLibrary
_beng
_cYourLibrary
999 _c608289
_d608289